00630nam a22001697a 450000500170000000800410001705000210005810000340007924501080011325000110022126000670023230000210029949000340032050400400035465000370039465100290043120220404125638.0210810b mx ||||| |||| 00| 0 spa d04aJC355 bB37 19781 aBarragán Barragán, José10aIntroducción al federalismob: La formación de los poderes en 1824c/ José Barragán Barragán a1a ed. aMéxico :bUniversidad Nacional Autónoma de México,c1978 a372 p. :c23 cm. 0aCoordinación de humanidades aIncluye Bibliografía : p. 359-372 72lembaGobierno federalzMéxico 72lembaMéxicoxHistoria